LEADER 01131nam a2200265 i 4500 001 000000204492 003 CaOOAMICUS 005 20110728000000.0 008 110728s1966 it u000 u ita u 013 $a183219 040 $aSeMil$bita 100 1 $aMosca, Gaetano,$d<1858-1941>.$0(OLS)http://semarc/name/6182 245 13$aLa classe politica /$cGaetano Mosca ; a cura e con un'introduzione di Norberto Bobbio. 260 $aBari :$bLaterza,$c1966. 300 $aXXXIX, 293 p. ;$c18 cm. 490 0 $aUniversale Laterza ;$v45 500 $aContiene : Cenni biografici ; Bibliografia dopo il 1952. 650 4$aPolitica - Teorie.$0(OLS)http://semarc/subject/1691 650 4$aClasse dirigente.$0(OLS)http://semarc/subject/32694 700 1 $aBobbio, Norberto,$d<1909-2004>.$0(OLS)http://semarc/name/1206 830 0$aUniversale Laterza ;$v45.$0(OLS)http://semarc/title/6923 850 $aSeMil 852 $aSeMil$W1$xVenegono$y1$m3U I 421$j154986$B154986$CSeMilBibl$Z2$F165868 $81 996 $6245$aLa classe politica$9(OLS)http://semarc/title/296266 996 $6260$aBari :$bLaterza$9(OLS)http://semarc/publisher/29858 LEADER 01657nam a2200313 i 4500 001 000000176379 003 CaOOAMICUS 005 20081203000000.0 008 081203s2008 it u000 u ita u 013 $a153868 020 $a978-88-394-0752-8 040 $aSeMil$bita 100 1 $aEsler, Philip Francis,$d<1952- >.$0(OLS)http://semarc/name/55613 240 10$aConflict and identity in Paul.$0(OLS)http://semarc/title/253138 245 10$aConflitto e identitą nella lettera ai Romani :$bil contesto sociale dell'epistola di Paolo /$cPhilip F. Esler ; [trad. di Franco Bassani]. 260 $aBrescia :$bPaideia,$c2008. 300 $a489 p. ;$c23 cm. 490 0 $aIntroduzione allo studio della Bibbia. Supplementi ;$v40 650 4$aBibbia. Nuovo Testamento. Lettera ai Romani - Commentari, studi, critica, interpretazioni.$0(OLS)http://semarc/subject/31 650 4$aIdentitą - Cristianesimo.$0(OLS)http://semarc/subject/9184 650 4$aComunicazione interculturale - Aspetti religiosi.$0(OLS)http://semarc/subject/33614 700 1 $aBassani, Franco.$0(OLS)http://semarc/name/26283 830 0$aIntroduzione allo studio della Bibbia. Supplementi ;$v40.$0(OLS)http://semarc/title/5853 850 $aSeMil 852 $aSeMil$W1$xVenegono$y1$m2WA J 40$j251273$B127201$CSeMilBibl$Z2$F137655 $81 961 $aSottoscrizione: Cittą Nuova (Agente) 996 $6020$a978-88-394-0752-8$9(OLS)http://semarc/number/164913 996 $6245$aConflitto e identitą nella lettera ai Romani :$bil contesto sociale dell'epistola di Paolo$9(OLS)http://semarc/title/253137 996 $6260$aBrescia :$bPaideia$9(OLS)http://semarc/publisher/29614